[Event "XXXI Torre Memorial 2019"]
[Site "Merida"]
[Date "2019.12.15"]
[Round "3.4"]
[White "Martinez Ramirez, Lennis"]
[Black "Ortiz Suarez, Isan Reynaldo"]
[Result "1-0"]
[WhiteElo "2454"]
[BlackElo "2549"]
[Annotator "RC"]
[PlyCount "180"]
[EventDate "2019.12.13"]
[EventType "swiss"]
[EventCountry "MEX"]
[SourceTitle "playchess.com"]
[Source "ChessBase"]
[SourceQuality "1"]
[TimeControl "5400+30"]

1. d4 {[%emt 0:00:00]} Nf6 {[%emt 0:00:47]} 2. c4 {[%emt 0:00:48]} c5 {[%emt 0:01:22]} 3. d5 {[%emt 0:00:09]} b5 {[%emt 0:00:06]} 4. cxb5 {[%emt 0:00:58]} a6 {[%emt 0:00:04]} 5. bxa6 {[%emt 0:02:00]} g6 {[%emt 0:00:07]} 6. Nc3 {[%emt 0:00:30]} Bg7 {[%emt 0:00:13]} 7. e4 {[%emt 0:02:25]} O-O {[%emt 0:00:09]} 8. Nf3 {[%emt 0:00:42]} Qa5 {[%emt 0:00:31]} 9. Nd2 {[%emt 0:04:14]} Bxa6 {[%emt 0:01:07]} 10. Bxa6 {[%emt 0:00:05]} Qxa6 {[%emt 0:00:09]} 11. a4 {[%emt 0:01:14]} e6 {[%emt 0:05:18]} 12. Nb5 {[%emt 0:04:12]} Qb7 {[%emt 0:07:19]} 13. dxe6 {[%emt 0:06:02]} fxe6 {[%emt 0:00:09]} 14. Qe2 {[%emt 0:08:29]} Na6 {[%emt 0:04:16]} 15. O-O {[%emt 0:00:33]} Qc6 {[%emt 0:05:33]} 16. e5 {[%emt 0:06:24]} Nd5 {[%emt 0:03:04]} 17. Nc4 {[%emt 0:00:04]} Nac7 {[%emt 0:09:43]} 18. Nxc7 {[%emt 0:01:08]} Nxc7 {[%emt 0:00:06]} 19. a5 {[%emt 0:00:43]} Nd5 {[%emt 0:00:30]} 20. Ra3 {[%emt 0:01:24]} Rfb8 {[%emt 0:07:50]} 21. h4 {[%emt 0:02:24]} Qa6 {[%emt 0:05:23]} 22. h5 {[%emt 0:02:12]} Rb4 {[%emt 0:00:10]} 23. b3 {[%emt 0:00:15]} Nc3 {[%emt 0:08:43]} 24. Qe3 {[%emt 0:08:20]} Nb5 {[%emt 0:08:39]} 25. hxg6 {[%emt 0:00:14]} hxg6 {[%emt 0:14:10]} 26. Qxc5 {[%emt 0:00:32]} Nxa3 {[%emt 0:00:33]} 27. Qxb4 {[%emt 0:01:01]} Nxc4 {[%emt 0:00:04]} 28. bxc4 {[%emt 0:00:27]} Qxa5 {[%emt 0:00:58]} 29. Qd6 {[%emt 0:03:40]} Qa4 {[%emt 0:00:42]} 30. Qd3 {[%emt 0:01:55]} Kh7 {[%emt 0:03:09]} 31. Bf4 {[%emt 0:00:01]} Rf8 {[%emt 0:00:45]} 32. Bg3 {[%emt 0:01:11]} Rc8 {[%emt 0:01:58]} 33. Rc1 {[%emt 0:02:03]} Bh6 {[%emt 0:01:52]} 34. Rc3 {[%emt 0:01:57]} Qc6 {[%emt 0:00:59]} 35. Ra3 {[%emt 0:01:08]} Rc7 {[%emt 0:00:30]} 36. Rc3 {[%emt 0:01:20]} Qc5 {[%emt 0:02:17]} 37. Kh2 {[%emt 0:00:24]} Bg7 {[%emt 0:00:34]} 38. Qe4 {[%emt 0:00:56]} Rc8 {[%emt 0:00:51]} 39. Qh4+ {[%emt 0:00:13]} Kg8 {[%emt 0:00:05]} 40. Qg5 {[%emt 0:00:36]} Qd4 {[%emt 0:01:37]} 41. Rf3 {[%emt 0:00:32]} Qe4 {[%emt 0:00:23]} 42. Rf4 {[%emt 0:06:12]} Qd3 {[%emt 0:00:02]} 43. f3 {[%emt 0:01:21]} Rf8 {[%emt 0:01:46]} 44. Re4 {[%emt 0:00:08]} Kf7 {[%emt 0:01:34]} 45. Rf4+ {[%emt 0:01:17]} Kg8 {[%emt 0:00:29]} 46. Rh4 {[%emt 0:00:11]} Rf7 {[%emt 0:02:22]} 47. Re4 {[%emt 0:00:57]} Kh7 {[%emt 0:00:39]} 48. Qh4+ {[%emt 0:00:00]} Kg8 {[%emt 0:00:04]} 49. Rd4 {[%emt 0:00:13]} Qe2 {[%emt 0:00:02]} 50. Qd8+ {[%emt 0:00:59]} Bf8 {[%emt 0:00:03]} 51. Rg4 {[%emt 0:03:39]} Rh7+ {[%emt 0:01:28]} 52. Rh4 {[%emt 0:00:32]} Rxh4+ {[%emt 0:00:06]} 53. Qxh4 {[%emt 0:00:05]} Qd3 {[%emt 0:00:14]} 54. Qf4 {[%emt 0:00:36]} Qf5 {[%emt 0:02:25]} 55. Qd4 {[%emt 0:00:11]} Qf7 {[%emt 0:00:18]} 56. Bh4 {[%emt 0:00:08]} Bg7 {[%emt 0:01:00]} 57. Bf6 {[%emt 0:00:27]} Bxf6 {[%emt 0:01:57]} 58. exf6 {[%emt 0:00:01]} g5 {[%emt 0:00:42]} 59. Kg3 {[%emt 0:02:18]} Kh7 {[%emt 0:00:03]} 60. f4 {[%emt 0:03:20]} gxf4+ {[%emt 0:00:19]} 61. Kxf4 {[%emt 0:00:31]} Kg6 {[%emt 0:00:45]} 62. c5 {[%emt 0:00:45]} Qf8 {[%emt 0:01:00]} 63. Kf3 {[%emt 0:01:32]} Kf7 {[%emt 0:00:48]} 64. g4 {[%emt 0:06:57]} Qa8+ {[%emt 0:00:08]} 65. Qe4 {[%emt 0:05:44]} Qa3+ {[%emt 0:00:10]} 66. Qe3 {[%emt 0:00:42]} Qa1 {[%emt 0:00:47]} 67. g5 {[%emt 0:00:20]} Qd1+ {[%emt 0:00:23]} 68. Kg3 {[%emt 0:00:12]} Qd5 {[%emt 0:00:40]} 69. Kh4 {[%emt 0:02:03]} Kg6 {[%emt 0:00:45]} 70. Kg3 {[%emt 0:00:07]} Kf7 {[%emt 0:00:25]} 71. Kf2 {[%emt 0:00:29]} Qa2+ {[%emt 0:00:12]} 72. Qe2 {[%emt 0:00:19]} Qd5 73. Qe3 Qf5+ 74. Ke1 Qb1+ 75. Kd2 Qb2+ 76. Ke1 Qb1+ 77. Ke2 Qc2+ 78. Qd2 Qe4+ 79. Kf2 Qh4+ 80. Kf3 Qh3+ 81. Ke2 Qg2+ 82. Kd1 Qf1+ 83. Kc2 Qc4+ 84. Qc3 Qa2+ 85. Kd3 Qd5+ 86. Qd4 Qf5+ 87. Kc4 Qd5+ 88. Kd3 Qb3+ 89. Ke4 Qc2+ 90. Ke5 Qh2+ {Kf4 Qc2} 1-0

[Event "XXXI Torre Memorial 2019"]
[Site "Merida"]
[Date "2019.12.15"]
[Round "3.5"]
[White "Macieja, Bartlomiej"]
[Black "Ibarra Chami, Luis Fernando"]
[Result "0-1"]
[WhiteElo "2513"]
[BlackElo "2423"]
[Annotator "TA"]
[PlyCount "138"]
[EventDate "2019.12.13"]
[EventType "swiss"]
[EventCountry "MEX"]
[SourceTitle "playchess.com"]
[Source "ChessBase"]
[SourceQuality "1"]

{[%evp 27,138,25,30,26,22,23,56,30,81,85,98,97,101,104,94,93,85,56,94,120,141,112,103,119,109,92,150,150,109,0,0,0,0,0,0,0,0,-66,-15,-17,0,-52,-46,-43,-36,-22,0,-137,-130,-192,14,-255,-102,-104,-7,-143,-153,-145,-96,-103,-103,-136,-81,-85,-100,-89,-108,-170,-173,-171,-163,-178,-162,-297,-227,-213,-216,-240,-204,-239,-195,-279,-278,-386,-244,-256,-246,-247,-241,-236,-238,-383,-147,-478,-502,-423,-403,-688,-676,-622,-647,-1129,-1052,-1997,-1777,-29974,-29975,-29975,-29975,-29977,-29977,-29977,-29978]} 1. d4 d5 2. c4 e6 3. Nc3 Bb4 4. a3 Bxc3+ 5. bxc3 b6 6. cxd5 exd5 7. e3 Nf6 8. Bd3 O-O 9. Ne2 Ba6 10. O-O Bxd3 11. Qxd3 c5 12. f3 Re8 13. Ng3 Nc6 14. Bb2 c4 15. Qd2 {E49: Nimzo-Indian: Rubinstein: 5 Bd3 d5 6 a3 Bxc3+ 7 bxc3} Re6 16. Rae1 {[#]} Qd7 $146 ({Predecessor:} 16... Qe7 17. Qf2 Rf8 18. Bc1 Kh8 19. Nf5 Qd7 20. g4 Ne7 21. Ng3 Nc8 22. g5 Ng8 23. e4 f6 24. gxf6 Rexf6 25. Qe2 Nce7 26. Kh1 R6f7 27. Bg5 {½-½ (27) Erdos,V (2577)-Werle,J (2582) Germany 2008}) 17. Qc2 {White is slightly better.} Ne7 (17... g6 $11 {keeps the balance.}) 18. e4 $16 dxe4 19. fxe4 Ng6 20. Bc1 Rae8 21. Bg5 {Hoping for Bxf6.} Nd5 22. h4 {Black must now prevent h5.} h6 23. h5 $1 {[%cal Rh5g6]} Nf8 24. Bd2 Nf6 25. d5 Re5 26. Bf4 R5e7 {[#]} ({Better is} 26... Qe7) 27. Bxh6 $1 {[%mdl 512]} Qg4 (27... gxh6 28. Rxf6) 28. d6 (28. Re3 $1 $16 Nxd5 29. Ref3 (29. exd5 $2 Rxe3 30. Bxe3 Rxe3 $19) 29... Rxe4 30. Nxe4 Rxe4 31. Rxf7) 28... Re6 $11 29. Nf5 Nxh5 30. Bc1 Ng6 {[%cal Bf8g6,Bg6e5,Be5d3][%mdl 32]} 31. Qf2 Ne5 32. Qd4 ({White should play} 32. Re3 $11 Nd3 33. Qf3 Qxf3 34. Rexf3) 32... Rg6 ({Black should try} 32... Ng3 $15 33. Ne7+ Kf8) 33. Qd2 Kh7 34. Re3 (34. Ne7 $11) 34... Nd3 $15 35. Qe2 Qxe2 36. Rxe2 Rg4 37. a4 (37. e5 $11) 37... g6 $1 $36 {[%cal Rg6f5][%mdl 2048] Black has strong initiative.} 38. Nd4 {[#]} (38. Ne3 $17 {was necessary.} Rgxe4 39. d7) 38... Rd8 $2 (38... Ng3 $1 $19 {[%mdl 512]} 39. d7 (39. Rxf7+ $2 Kg8 $19) 39... Rf8) 39. Ba3 $2 {[%mdl 8192] [#]} ({Reject} 39. Rxf7+ Kg8 $17) (39. e5 $11 {and White stays safe.} Ng3 40. Rxf7+ {[%mdl 64] Double Attack} Kg8 41. Re3 Kxf7 42. e6+ Ke8 43. Nb5) 39... Nhf4 (39... Ng3 $1 $19 {[%mdl 512] ( -> ...Rh4)} 40. Re3 Nxf1 41. Kxf1 Ne5) 40. Rd2 {[#]} Kg7 (40... Nh3+ $1 $17 41. Kh1 Ng5) 41. Rf3 (41. Nc6 $11 {was the only way to keep the balance.} Rd7 42. Rf3) 41... Ne5 42. Re3 Nh5 43. Ne2 Nf6 44. Rd4 Rd7 (44... Rh4 $142 45. Ng3 Rdh8) 45. g3 Rg5 {And now ...Nfg4 would win.} 46. Nf4 Nh5 47. Ne2 {[#]} (47. Nxh5+ $17 gxh5 48. Kg2) 47... Ng4 $1 $19 {[%cal Rg4e3]} 48. Rf3 Ra5 49. Bc1 Rxa4 50. Bf4 (50. Nf4 $142) 50... f6 51. Rd2 Ra1+ 52. Kg2 Re1 53. Ra2 Ne5 54. Bxe5 (54. Rf1 {might work better.} Rxf1 55. Kxf1) 54... fxe5 55. Ng1 Rd1 56. Ra4 b5 57. Ra5 Rb7 ({Don't do} 57... R7xd6 58. Rxa7+ Kh6 59. Nh3) 58. Ra6 Nf6 59. Nh3 (59. Re3 $142) 59... Rd2+ $2 (59... Nxe4 $19 60. Re3 Rxd6) 60. Kg1 $2 {[%mdl 8192]} (60. Rf2 $17 {nothing else works.} Nxe4 {[%mdl 64] Double Attack} 61. Rxd2 Nxd2 62. Ng5) 60... Nxe4 61. Re3 Rxd6 62. Rxd6 (62. Ra1 $142 Nf6 63. Rxe5) 62... Nxd6 63. Rxe5 {[%mdl 4096] Endgame KRN-KRN} a5 64. Re6 b4 {Strongly threatening ...b3.} 65. cxb4 axb4 66. Nf2 b3 {Black mates.} 67. Nd1 b2 68. Nxb2 Rxb2 69. Rxd6 c3 {Accuracy: White = 35%, Black = 54%.} 0-1

[Event "XXXI Torre Memorial 2019"]
[Site "Merida"]
[Date "2019.12.15"]
[Round "3.8"]
[White "Ochoa de la Rosa, Manuel Dario"]
[Black "Miranda Mesa, Elier"]
[Result "1/2-1/2"]
[WhiteElo "2403"]
[BlackElo "2477"]
[Annotator "TA"]
[PlyCount "94"]
[EventDate "2019.12.13"]
[EventType "swiss"]
[EventCountry "MEX"]
[SourceTitle "playchess.com"]
[Source "ChessBase"]
[SourceQuality "1"]

{[%evp 15,94,8,14,-4,36,19,30,18,14,0,21,12,19,16,25,14,31,22,33,19,32,24,33,22,29,30,33,11,21,13,21,0,0,0,15,0,0,-19,0,0,0,0,0,0,24,0,18,8,4,0,0,0,0,0,0,0,0,0,0,0,0,0,9,0,0,0,0,0,0,0,5,5,5,5,6,7,7,0,0,0,0]} 1. d4 d5 2. c4 c6 3. Nf3 Nf6 4. e3 Bf5 5. Nc3 e6 6. Bd3 Bxd3 7. Qxd3 Bb4 8. O-O O-O 9. a3 {D12: Slav Defence: 3 Nf3 Nf6 4 e3 Bf5} (9. Bd2 Ba5 10. a3 Nbd7 11. Rfe1 h6 12. Rad1 a6 13. b4 Bc7 14. e4 Nb6 15. c5 dxe4 16. Nxe4 Nbd5 17. Ng3 {0-1 (81) Nenezic,M (2495)-Mamedov,R (2699) Batumi 2018}) 9... Qa5 (9... Bxc3 $5 10. Qxc3 Nbd7 $11) 10. Bd2 Bxc3 11. Bxc3 {White has an edge.} Qa6 12. Bb4 $146 ({Predecessor:} 12. b3 Nbd7 13. Nd2 Rfd8 14. Qc2 Rac8 15. e4 dxe4 16. Nxe4 Nxe4 17. Qxe4 {0-1 (44) Dubinka,I (2340)-Zhukova,N (2456) Alushta 1999}) 12... Re8 13. b3 Nbd7 14. Rfd1 Ne4 15. Rac1 Qb6 16. Be1 Qd8 17. Nd2 Nxd2 18. Bxd2 Qh4 19. Be1 Rad8 20. Ba5 Rc8 21. Re1 Qh5 {[#] Threatens to win with ...dxc4.} 22. Bc3 Rcd8 23. Qe2 Qxe2 24. Rxe2 f5 25. Ba5 Rc8 26. Rec2 Kf7 27. f3 Nf6 28. Kf2 g5 29. Bb4 g4 30. Bc5 a6 {The position is equal.} 31. Bd6 Rg8 32. b4 dxc4 33. Rxc4 Rcd8 34. Be5 gxf3 35. gxf3 Rg6 36. Rg1 Rxg1 37. Kxg1 $11 {[%mdl 4096] Endgame KRB-KRN} Nd7 38. Bc7 Rc8 39. Bd6 Rd8 {[#] Hoping for ...Nb6.} 40. Rc1 Nf8 41. Bxf8 Rxf8 {KR-KR} 42. a4 Rd8 43. b5 axb5 44. axb5 f4 45. bxc6 bxc6 46. exf4 Rxd4 47. Rxc6 Rxf4 {Accuracy: White = 48%, Black = 46%.} 1/2-1/2

[Event "XXXI Torre Memorial 2019"]
[Site "Merida"]
[Date "2019.12.15"]
[Round "3.9"]
[White "Morales Romero, Pedro"]
[Black "Ramirez, Alejandro"]
[Result "0-1"]
[WhiteElo "2328"]
[BlackElo "2589"]
[Annotator "ChessBase"]
[PlyCount "84"]
[EventDate "2019.12.13"]
[EventType "swiss"]
[EventCountry "MEX"]
[SourceTitle "playchess.com"]
[Source "ChessBase"]
[SourceQuality "1"]
[TimeControl "5400+30"]

1. e4 {[%emt 0:00:00]} c5 {[%emt 0:00:00]} 2. Nf3 {[%emt 0:00:00]} e6 {[%emt 0:00:00]} 3. d4 {[%emt 0:00:02]} cxd4 {[%emt 0:00:00]} 4. Nxd4 {[%emt 0:00:05]} a6 {[%emt 0:00:00]} 5. c4 {[%emt 0:00:31]} Nf6 {[%emt 0:01:08]} 6. Nc3 {[%emt 0:00:08]} d6 {[%emt 0:01:08]} 7. Be2 {[%emt 0:00:33]} b6 {[%emt 0:01:31]} 8. f4 {[%emt 0:02:01]} Bb7 {[%emt 0:00:18]} 9. Bf3 {[%emt 0:00:10]} Qc7 {[%emt 0:10:18]} 10. O-O {[%emt 0:00:52]} Be7 {[%emt 0:14:49]} 11. Be3 {[%emt 0:00:18]} Nbd7 {[%emt 0:02:23]} 12. Rc1 {[%emt 0:00:18]} Rc8 {[%emt 0:00:35]} 13. f5 {[%emt 0:10:00]} e5 {[%emt 0:01:15]} 14. Nd5 {[%emt 0:00:18]} Qd8 {[%emt 0:05:06]} 15. Ne6 {[%emt 0:00:42]} fxe6 {[%emt 0:01:27]} 16. fxe6 {[%emt 0:00:06]} Nc5 {[%emt 0:00:16]} 17. b4 {[%emt 0:04:25]} Nxe6 {[%emt 0:13:18]} 18. Bh5+ {[%emt 0:01:21]} Nxh5 {[%emt 0:11:48]} 19. Qxh5+ {[%emt 0:01:49]} g6 {[%emt 0:00:15]} 20. Qf3 {[%emt 0:07:35]} Rf8 {[%emt 0:10:45]} 21. Qh3 {[%emt 0:00:12]} Bxd5 {[%emt 0:05:07]} 22. cxd5 {[%emt 0:02:32]} Rxf1+ {[%emt 0:06:07]} 23. Rxf1 {[%emt 0:00:07]} Nf4 {[%emt 0:00:45]} 24. Qxh7 {[%emt 0:01:56]} Kd7 {[%emt 0:01:22]} 25. Bxf4 {[%emt 0:01:32]} exf4 {[%emt 0:00:01]} 26. Qxg6 {[%emt 0:00:25]} Qh8 {[%emt 0:00:49]} 27. Qe6+ {[%emt 0:02:29]} Kd8 {[%emt 0:00:08]} 28. e5 Qf8 {[%emt 0:02:11]} 29. g3 {[%emt 0:01:47]} f3 {[%emt 0:02:39]} 30. exd6 {[%emt 0:01:24]} Bxd6 {[%emt 0:00:02]} 31. Qe3 {[%emt 0:00:24]} Kc7 {[%emt 0:01:48]} 32. Rxf3 {[%emt 0:01:45]} Qe7 {[%emt 0:00:03]} 33. Qxe7+ {[%emt 0:04:22]} Bxe7 {[%emt 0:00:04]} 34. Rc3+ {[%emt 0:01:12]} Kd7 {[%emt 0:00:01]} 35. Rxc8 {[%emt 0:00:08]} Kxc8 {[%emt 0:00:01]} 36. Kg2 {[%emt 0:00:26]} Bxb4 {[%emt 0:00:34]} 37. Kf3 {[%emt 0:00:14]} Kd7 {[%emt 0:00:21]} 38. g4 {[%emt 0:00:26]} Be7 {[%emt 0:02:37]} 39. Ke4 {[%emt 0:00:36]} b5 {[%emt 0:00:34]} 40. Kd4 {[%emt 0:05:44]} Kd6 {[%emt 0:00:33]} 41. Ke4 {[%emt 0:01:14]} a5 {[%emt 0:00:13]} 42. Kf5 {[%emt 0:00:46]} b4 {[%emt 0:00:16]} 0-1

[Event "XXXI Torre Memorial 2019"]
[Site "Merida"]
[Date "2019.12.15"]
[Round "3.10"]
[White "Gonzalez Zamora, Juan Carlos"]
[Black "Lopez Gonzalez, Abel Fabian"]
[Result "1/2-1/2"]
[WhiteElo "2535"]
[BlackElo "2379"]
[Annotator "TA"]
[PlyCount "146"]
[EventDate "2019.12.13"]
[EventType "swiss"]
[EventCountry "MEX"]
[SourceTitle "playchess.com"]
[Source "ChessBase"]
[SourceQuality "1"]

{[%evp 22,146,9,12,16,14,19,15,0,0,43,28,27,29,22,23,44,37,39,42,43,26,25,29,42,0,0,-20,-23,-20,-23,-21,0,-12,0,0,0,0,0,0,0,0,0,0,0,0,72,71,114,118,160,160,125,59,191,124,127,121,118,118,149,120,130,120,237,194,219,223,191,156,223,223,223,223,329,639,564,547,547,539,1098,925,12833,12832,12833,12833,12837,12834,12837,12827,12826,12825,1842,2908,1089,0,12837,12837,12837,12838,12838,12839,12839,0,0,0,0,0,12841,0,0,0,0,0,0,0,0,0,0,0,0,0,0,0,0,0,0]} 1. Nf3 d5 2. g3 c5 3. Bg2 Nc6 4. d4 e6 5. O-O Nf6 6. c4 Be7 7. cxd5 exd5 8. Nc3 O-O 9. dxc5 Bxc5 10. Na4 Be7 11. Be3 Bg4 12. Rc1 Qd7 {D34: Tarrasch Defence: 6 g3 Nf6 7 Bg2 Be7} 13. Nc5 Bxc5 14. Bxc5 Rfe8 15. Re1 Bxf3 (15... Rad8 16. Nd4 Rc8 17. Nxc6 bxc6 18. Bd4 Qe6 19. Qc2 Bf5 20. Qa4 Ne4 21. b4 {1-0 (45) Roiz,M (2600)-Demuth,A (2545) Berlin 2015}) 16. Bxf3 Ne4 17. Qa4 $146 ({Predecessor:} 17. Bd4 Rad8 18. Bg2 Qf5 19. Qd3 h5 20. Red1 {½-½ (43) Sreeshwan,M (2461)-Lopez Gonzalez,A (2355) Sitges 2019}) 17... Rad8 18. Red1 Qf5 19. Qb3 Rd7 20. Qe3 Re6 {White should prevent ...Nxg3!} 21. Qf4 Qxf4 22. gxf4 f5 23. Bd4 Kf7 24. Bh5+ g6 25. Bf3 Nxd4 26. Rxd4 Rc6 27. Rcd1 Rc2 28. Rxd5 Rxd5 29. Rxd5 Rxb2 $11 {[%mdl 4096] Endgame KRB-KRN} 30. Rd7+ Ke6 31. Rxh7 a5 32. a4 Nc3 33. Kf1 b6 (33... Nxa4 $11 34. Bxb7 Nc3) 34. Rg7 $16 Kf6 35. Rc7 $1 {[%cal Rc7c3]} Rb1+ 36. Kg2 Rb3 37. h4 Ke6 (37... Ra3 $14) 38. Rc6+ (38. e3 $1 $18) 38... Kf7 39. e3 Kg7 40. Rc7+ $1 Kf8 41. Rc4 Kf7 42. Kg3 Kf6 (42... Ra3 $16 {might work better.}) 43. Rc7 Ke6 44. Rc6+ Kf7 45. Kh3 Kg7 (45... Ra3 $16 46. Rxb6 Rxa4) 46. h5 $1 $18 gxh5 47. Kh4 $1 (47. Bxh5 Ne4 $14) 47... Nxa4 {[#]} (47... b5 $142) 48. Bd1 $1 {[%cal Rd1b3]} ({Weaker is} 48. Bxh5 Nc3 $16) 48... Rb4 {[#]} 49. Bxa4 $1 Rxa4 50. Rxb6 {KR-KR} Rb4 51. Ra6 Rb5 52. Kxh5 Kf7 53. Kg5 Ke7 54. f3 Kd7 55. Ra7+ Kc6 56. Kg6 Kb6 57. Rd7 a4 58. e4 $2 (58. Rd1 $18 a3 59. Ra1) 58... a3 $2 {[%mdl 8192]} (58... fxe4 $11 59. fxe4 a3) 59. Rd1 a2 60. Ra1 Rb2 61. Kxf5 Kc7 62. e5 $2 (62. Ke6 $18 Kd8 63. Kf7) 62... Kd7 $11 63. Kf6 Ke8 $1 64. f5 Rh2 $2 {[%mdl 8192]} (64... Rc2 $11) 65. e6 $2 (65. Ke6 $18 Rb2 66. f6) 65... Rb2 {The position is equal.} 66. Ke5 {Black must now prevent f6.} Re2+ $1 67. Kf6 Rg2 68. f4 {Threatens to win with Rc1.} Re2 69. Rh1 {[%cal Rh1h8]} Rh2 $1 {[%cal Rh2h1]} 70. Ra1 {Strongly threatening Rg1.} Re2 71. e7 Rg2 72. Rd1 {[%csl Ge7][%cal Rd1d8]} Rd2 $1 {[%cal Rd2d1]} 73. Ra1 Rg2 {Accuracy: White = 78%, Black = 49%.} 1/2-1/2

[Event "XXXI Torre Memorial 2019"]
[Site "Merida"]
[Date "2019.12.15"]
[Round "3.11"]
[White "Figueredo Losada, Leonel"]
[Black "Rodriguez Vila, Andres"]
[Result "0-1"]
[WhiteElo "2381"]
[BlackElo "2463"]
[Annotator "ChessBase"]
[PlyCount "72"]
[EventDate "2019.12.13"]
[EventType "swiss"]
[EventCountry "MEX"]
[SourceTitle "playchess.com"]
[Source "ChessBase"]
[SourceQuality "1"]
[TimeControl "5400+30"]

1. d4 {[%emt 0:00:00]} f5 {[%emt 0:00:00]} 2. c4 {[%emt 0:00:09]} Nf6 {[%emt 0:00:00]} 3. Nc3 {[%emt 0:00:04]} g6 {[%emt 0:00:28]} 4. Nf3 {[%emt 0:00:41]} Bg7 {[%emt 0:00:06]} 5. Bf4 {[%emt 0:00:06]} h6 {[%emt 0:00:30]} 6. e3 {[%emt 0:01:13]} d6 {[%emt 0:00:34]} 7. Qb3 {[%emt 0:10:09]} g5 {[%emt 0:00:58]} 8. Bg3 {[%emt 0:00:04]} O-O {[%emt 0:00:52]} 9. c5+ {[%emt 0:00:43]} d5 {[%emt 0:04:21]} 10. h4 {[%emt 0:01:48]} g4 {[%emt 0:00:19]} 11. Ne5 {[%emt 0:00:12]} e6 {[%emt 0:02:19]} 12. h5 {[%emt 0:11:49]} Nc6 {[%emt 0:03:14]} 13. Nxc6 {[%emt 0:08:37]} bxc6 {[%emt 0:00:23]} 14. Qa4 {[%emt 0:00:06]} Bd7 {[%emt 0:07:27]} 15. f3 {[%emt 0:07:32]} Be8 {[%emt 0:06:02]} 16. Qa5 {[%emt 0:00:08]} gxf3 {[%emt 0:03:23]} 17. gxf3 {[%emt 0:01:36]} Nxh5 {[%emt 0:01:53]} 18. Bxc7 {[%emt 0:00:08]} Qg5 {[%emt 0:00:12]} 19. f4 {[%emt 0:00:46]} Qg3+ {[%emt 0:00:59]} 20. Kd2 {[%emt 0:00:06]} Qf2+ {[%emt 0:01:49]} 21. Be2 {[%emt 0:02:12]} Ng3 {[%emt 0:00:15]} 22. Bd6 {[%emt 0:21:32]} Rf7 {[%emt 0:00:53]} 23. Rhg1 {[%emt 0:00:57]} Rb7 {[%emt 0:02:02]} 24. b3 {[%emt 0:00:38]} Kh7 {[%emt 0:18:12]} 25. Qa6 {[%emt 0:01:16]} Rb4 {[%emt 0:00:12]} 26. Qd3 {[%emt 0:06:21]} a5 {[%emt 0:00:11]} 27. Rxg3 {[%emt 0:06:56]} Qxg3 {[%emt 0:00:18]} 28. Na4 {[%emt 0:00:03]} Qh2 {[%emt 0:09:20]} 29. Nb6 {[%emt 0:00:50]} Ra7 {[%emt 0:00:05]} 30. Kc3 {[%emt 0:04:33]} Bf6 {[%emt 0:00:57]} 31. a3 {[%emt 0:00:34]} Rb5 {[%emt 0:00:31]} 32. Qd2 {[%emt 0:00:12]} Rg7 {[%emt 0:01:35]} 33. Bxb5 {[%emt 0:00:25]} Rg2 {[%emt 0:00:11]} 34. Qd3 {[%emt 0:00:23]} cxb5 {[%emt 0:00:10]} 35. Rd1 {[%emt 0:03:11]} Bh4 {[%emt 0:02:59]} 36. Rc1 {[%emt 0:04:06]} Ra2 {[%emt 0:00:21]} 0-1

[Event "XXXI Torre Memorial 2019"]
[Site "Merida"]
[Date "2019.12.15"]
[Round "3.12"]
[White "Fernandez De La Vara, Arnaldo"]
[Black "Drazic, Sinisa"]
[Result "1-0"]
[WhiteElo "2463"]
[BlackElo "2371"]
[Annotator "ChessBase"]
[PlyCount "50"]
[EventDate "2019.12.13"]
[EventType "swiss"]
[EventCountry "MEX"]
[SourceTitle "playchess.com"]
[Source "ChessBase"]
[SourceQuality "1"]
[TimeControl "5400+30"]

1. Nf3 {[%emt 0:00:00]} Nf6 {[%emt 0:00:00]} 2. c4 {[%emt 0:00:02]} e6 {[%emt 0:00:00]} 3. g3 {[%emt 0:00:30]} a6 {[%emt 0:00:00]} 4. Bg2 {[%emt 0:00:14]} b5 {[%emt 0:00:00]} 5. b3 {[%emt 0:00:09]} c5 {[%emt 0:00:00]} 6. O-O {[%emt 0:00:52]} Bb7 {[%emt 0:00:27]} 7. Nc3 {[%emt 0:01:19]} b4 {[%emt 0:07:23]} 8. Na4 {[%emt 0:00:55]} Be7 {[%emt 0:00:05]} 9. a3 {[%emt 0:06:20]} bxa3 {[%emt 0:01:12]} 10. d4 {[%emt 0:02:46]} cxd4 {[%emt 0:00:14]} 11. Bxa3 {[%emt 0:01:24]} Bxa3 {[%emt 0:00:25]} 12. Rxa3 {[%emt 0:00:05]} e5 {[%emt 0:14:00]} 13. Nxe5 {[%emt 0:26:23]} Bxg2 {[%emt 0:00:40]} 14. Kxg2 {[%emt 0:00:05]} Qe7 {[%emt 0:00:15]} 15. Qxd4 {[%emt 0:03:23]} Qxa3 {[%emt 0:00:08]} 16. Nb6 {[%emt 0:00:06]} Qxb3 {[%emt 0:27:28]} 17. Qc5 {[%emt 0:09:13]} d6 {[%emt 0:13:35]} 18. Qc8+ {[%emt 0:07:19]} Ke7 {[%emt 0:00:13]} 19. Qb7+ {[%emt 0:00:15]} Ke6 {[%emt 0:03:44]} 20. Nf3 {[%emt 0:00:14]} Qb2 {[%emt 0:04:08]} 21. Rb1 {[%emt 0:00:31]} Qxb6 {[%emt 0:08:51]} 22. Qxb6 {[%emt 0:01:42]} Rc8 {[%emt 0:01:03]} 23. Qe3+ {[%emt 0:01:15]} Kd7 {[%emt 0:00:03]} 24. Rb7+ {[%emt 0:00:12]} Rc7 {[%emt 0:00:03]} 25. Qb6 {[%emt 0:00:23]} Ng8 1-0